LEADER 00551naa a2200145 i 4500 001 000000294041 003 CaOOAMICUS 005 20180831172458.0 008 180831n xx u000 u und u 013 $a1323 040 $aSeMil$bita 100 1 $aGalleni, Ludovico.$0(OLS)http://semarc/name/90816 245 10$aBiologia evoluzionistica e problema del male. 773 0 $tCreazione e male del cosmo.$dPadova : Messaggero, copyr. 1995.$kStudi religiosi$z88-250-0224-6$w()42538 996 $6245$aBiologia evoluzionistica e problema del male$9(OLS)http://semarc/title/370128 LEADER 00549naa a2200157 i 4500 001 000000306960 003 CaOOAMICUS 005 20180831172907.0 008 180831n xx u000 u fre u 013 $a15546 040 $aSeMil$bita 100 1 $aBourgeois, Henri,$d<1934-2001>.$0(OLS)http://semarc/name/6889 245 13$aLa théologie comme discours. 650 4$aTeologia.$0(OLS)http://semarc/subject/27 773 0 $t2.$dParis : Desclée, 1992.$z2-7189-0590-5$gp.431-483$w()183489 996 $6245$aLa théologie comme discours$9(OLS)http://semarc/title/382360